Catálogo

EL CREDITO DOCUMENTARIO EN EL DERECHO AMERICANO : (Registro nro. 36108)

Detalles MARC
000 -LEADER
fixed length control field 00583nam a2200181 a 4500
001 - CONTROL NUMBER
control field 36108
005 - DATE AND TIME OF LATEST TRANSACTION
control field 20180714004605.0
008 - FIXED-LENGTH DATA ELEMENTS--GENERAL INFORMATION
fixed length control field 140415s1973 000 0 spa d
041 ## - LANGUAGE CODE
Language code of text/sound track or separate title spa
082 ## - DEWEY DECIMAL CLASSIFICATION NUMBER
Classification number 346.07373
Item number KOZ
100 1# - MAIN ENTRY--PERSONAL NAME
Personal name KOZOLCHYK, BORIS
245 13 - TITLE STATEMENT
Title EL CREDITO DOCUMENTARIO EN EL DERECHO AMERICANO :
Remainder of title UN ESTUDIO COMPARATIVO
260 ## - PUBLICATION, DISTRIBUTION, ETC.
Place of publication, distribution, etc. [s.l.] :
Name of publisher, distributor, etc. EDICIONES CULTURA HISPANICA,
Date of publication, distribution, etc. 1973
300 ## - PHYSICAL DESCRIPTION
Extent 930
490 ## - SERIES STATEMENT
Series statement MONOGRAFIAS JURIDICAS
650 14 - SUBJECT ADDED ENTRY--TOPICAL TERM
Topical term or geographic name entry element CREDITO DE EXPORTACION
General subdivision PROMOCION DE EXPORTACIONES
700 1# - ADDED ENTRY--PERSONAL NAME
Personal name RUFILANCHAS SERRANO, LUIS
Relator term tr.
Existencias
Withdrawn status Lost status Source of classification or shelving scheme Damaged status Not for loan Collection code Home library Current library Shelving location Date acquired Source of acquisition Inventory number Total Checkouts Full call number Barcode Date last seen Price effective from Koha item type
    Dewey Decimal Classification     General Biblioteca Karol Wojtyla Biblioteca Karol Wojtyla Sala general 03/12/2013 Compra 151000000000000000045727   346.07373 KOZ 5445 05/01/2026 03/12/2013 Libro